000 00538nam a2200193 a 4500
001 1766824440761
003 YourLibrary
005 20251229124157.0
008 251227s1997##################000#0#eng##
020 _a9780195641219
082 0 4 _a206. 10954
_bSRI
100 1 _aSrivastava, Vinay Kumar,
_eauthor.
245 1 0 _aReligious Renunciation of a Pastoral People :
260 _bOxford University Press, USA,
_c1997.
300 _a340 pages
650 0 _aReligion.
942 _cENGLISH
040 _aYourLibrary
_beng
_cYourLibrary
999 _c605628
_d605628